| 000 | 00409nam a22001577a 4500 | ||
|---|---|---|---|
| 005 | 20171025122935.0 | ||
| 008 | 171025b xxu||||| |||| 00| 0 eng d | ||
| 020 | _a978-81-7164-146-8 | ||
| 041 | _aeng | ||
| 082 | _a633 | ||
| 100 |
_aPRASAD , DR. RAJENDRA _93847 |
||
| 245 | _aTEXTBOOK OF FIELD CROPS PRODUCTION- COMMERCIAL CROPS (VOL-2) | ||
| 260 |
_aNEW DELHI _bICAR _c2014 |
||
| 300 | _a612p. | ||
| 942 | _cBK | ||
| 999 |
_c5637 _d5635 |
||